Countries in Europe that are NOT Considered High-Income - Statistics

General Stats
  • This quiz has been taken 65 times
  • The average score is 10 of 11
Answer Stats
Country % Correct
Albania
100%
Bosnia and Herzegovina
97%
Bulgaria
97%
Kosovo
97%
Moldova
97%
Serbia
97%
North Macedonia
93%
Belarus
91%
Montenegro
90%
Ukraine
90%
Vatican City
55%
No matching quizzes found
Score Distribution
Percent of People with Each Score
Percentile by Number Answered
Your Score History
You have not taken this quiz